| 000 | 00000nam 2200000zi 4500 |
| 001 | 9.931469 |
| 003 | CaOODSP |
| 005 | 20241203113656 |
| 006 | m o d f |
| 007 | cr |n||||||||| |
| 008 | 230912e198003 nscbo ob f000 0 eng d |
| 040 | |aCaOODSP|beng|erda|cCaOODSP |
| 043 | |an-cn-ns |
| 086 | 1 |aEn70-23/1980E-PDF |
| 100 | 1 |aHirvonen, H. E. |q(Harry E.)|eauthor. |
| 245 | 10|aEcological land classification of Louisbourg National Historic Park / |cby Harry Hirvonen, Nikita Lopoukhine. |
| 246 | 14|aEcological land classification : |bFortress of Louisbourg, National Historic Park |
| 264 | 1|a[Nova Scotia] : |bLands Directorate, Atlantic Region, Environment Canada, |cMarch 1980. |
| 300 | |a1 online resource (2 v.) : |bmaps, photographs |
| 336 | |atext|btxt|2rdacontent |
| 337 | |acomputer|bc|2rdamedia |
| 338 | |aonline resource|bcr|2rdacarrier |
| 500 | |aDigitized edition from print [produced by Environment and Climate Change Canada]. |
| 504 | |aIncludes bibliographical references (v. 1, pages 75-76). |
| 505 | 0 |av. 1. Report -- v. 2. Data bank. |
| 650 | 0|aEcological districts|zNova Scotia|zFortress of Louisbourg National Historic Site|xClassification. |
| 650 | 0|aFortress of Louisbourg National Historic Site (N.S.) |
| 650 | 6|aDistricts écologiques|zNouvelle-Écosse|zLieu historique national de la Forteresse-de-Louisbourg|xClassification. |
| 650 | 6|aLieu historique national de la Forteresse-de-Louisbourg (N.-É.) |
| 710 | 1 |aCanada.|bLands Directorate.|bAtlantic Region, |eissuing body. |
| 710 | 1 |aCanada. |bEnvironment Canada, |eissuing body. |
| 856 | 40|qPDF|s14.92 MB|uhttps://publications.gc.ca/collections/collection_2024/eccc/En70-23-1980-1-eng.pdf|zv. 1. Report |
| 856 | 40|qPDF|s6.94 MB|uhttps://publications.gc.ca/collections/collection_2024/eccc/En70-23-1980-2-eng.pdf|zv. 2. Data bank |